• 首页
  • 本馆介绍
  • 公告通知
  • 最新文献
  • 馆藏检索
  • 电子资源
  • 读者导购
  • 参考咨询
  • 我的图书馆
  • 登录
  • 详细信息显示
  • 放入我的书架
  • 预约/预借图书
  • 作者相关作品
  • 分类相关作品
  • 丛书相关作品
  • 出版社相关作品

书目信息

  • 表格格式
  • 工作单格式
  • 卡片格式
题名:
新零售 新终端
    
 
作者: ;迪智成咨询团队 著
分册:  
出版信息: 北京   中国青年出版社  2019.04
页数: 233页
开本: 24cm
丛书名: 博瑞森管理丛书
单 册:
中图分类: F713.32
科图分类:
主题词: 零售业--ling shou ye--商业经营--研究
电子资源:
ISBN: 978-7-5153-5488-0
000 01070nam 2200277 450
001 CAL 009646386
005 20230217093113.0
010    @a978-7-5153-5488-0@dCNY118.00
092    @aCN@bRt875-1244
100    @a20210407d2019 em y0chiy0120 ea
101 0  @achi
102    @aCN@b110000
105    @aa z 000yy
106    @ar
200 1  @a新零售 新终端@Axin ling shou xin zhong duan@d= New retail terminal@f迪智成咨询团队著@zeng
210    @a北京@c中国青年出版社@d2019.04
215    @a233页@c图@d24cm
225 2  @a博瑞森管理丛书@Abo rui sen guan li cong shu
330    @a本书第一次将新零售的系统打法做了梳理和提炼, 并将新零售的系统打法落地在“新终端建设”上, 让新零售这一看似形而上的商业概念有了可以落地的立足点, 即新终端建设史企业实现新零售转型和新零售价值体验的抓手。
410  0 @12001 @a博瑞森管理丛书
510 1  @aNew retail terminal@zeng
606 0  @a零售业@Aling shou ye@x商业经营@x研究
690    @aF713.32@v5
711 02 @a迪智成咨询团队@Adi zhi cheng zi xun tuan dui@4著
801  0 @aCN@bBJXHZP@c20230228
905    @b1387349-52@dF713.32@e1387@f4
    
    新零售 新终端= New retail terminal/迪智成咨询团队著.-北京:中国青年出版社,2019.04
    233页:图;24cm.-(博瑞森管理丛书)
    
    
    ISBN 978-7-5153-5488-0:CNY118.00
    本书第一次将新零售的系统打法做了梳理和提炼, 并将新零售的系统打法落地在“新终端建设”上, 让新零售这一看似形而上的商业概念有了可以落地的立足点, 即新终端建设史企业实现新零售转型和新零售价值体验的抓手。
●
相关链接 在E读中查询图书 在五车中查询图书 在当当中查询图书 在豆瓣中查询图书


正题名:新零售 新终端     索取号:F713.32/1387         预约/预借

序号 登录号 条形码 馆藏地/架位号 状态 备注
1 1387349   213873496   第一样本阅览室/ [索取号:F713.32/1387] 在馆    
2 1387350   213873502   第一借阅区/ [索取号:F713.32/1387] 在馆    
3 1387351   213873511   第一借阅区/ [索取号:F713.32/1387] 在馆    
4 1387352   213873520   第一借阅区/ [索取号:F713.32/1387] 在馆    
唐山师范学院图书馆 欢迎您!
大连网信软件有限公司© 版权所有